लाल बहादुर शास्त्री / (Record no. 87185)

MARC details
000 -LEADER
fixed length control field 01207nam a22002417a 4500
005 - DATE AND TIME OF LATEST TRANSACTION
control field 20180404123439.0
010 ## - LCCN (DPL NO)
LC control number HIN-102886 B-690204-205
020 ## - INTERNATIONAL STANDARD BOOK NUMBER
Terms of availability 200.00
International Standard Book Number 9789350484784
020 ## - INTERNATIONAL STANDARD BOOK NUMBER
Terms of availability 300.00 बलिदानी
International Standard Book Number 9789350484784
035 ## - SYSTEM CONTROL NUMBER
System control number HN-75232
035 ## - SYSTEM CONTROL NUMBER
System control number B-690204-205
037 ## - SOURCE OF ACQUISITION
Source of stock number/acquisition DBAD / PUB
037 ## - SOURCE OF ACQUISITION
Source of stock number/acquisition प्रभात
082 ## - DEWEY DECIMAL CLASSIFICATION NUMBER
Classification number 921
100 ## - MAIN ENTRY--PERSONAL NAME
Personal name शास्त्री,सुनील
245 ## - TITLE STATEMENT
Title लाल बहादुर शास्त्री /
Statement of responsibility, etc सुनील शास्त्री
260 ## - PUBLICATION, DISTRIBUTION, ETC. (IMPRINT)
Place of publication, distribution, etc नई दिल्ली
Name of publisher, distributor, etc प्रभात प्रकाशन
Date of publication, distribution, etc 2013
-- 2017 बलिदानी
270 ## - ADDRESS
Address 4/19, आसफ अली रोड़,
City नई दिल्ली
Postal code 110002
300 ## - PHYSICAL DESCRIPTION
Extent 152पृ.
Dimensions 22 सेमी.(सजिल्द)
500 ## - GENERAL NOTE
General note बलिदानी पुस्तक
942 ## - ADDED ENTRY ELEMENTS (KOHA)
Source of classification or shelving scheme Dewey Decimal Classification
Item type Hindi Books
Call number suffix शास्त्रीसु
Classification part 921
Holdings
Withdrawn status Lost status Not for loan Collection code Home library Current library Date acquired Source of acquisition Cost, normal purchase price Full call number Barcode Copy number Cost, replacement price Koha item type
      Non-fiction Central Library Central Library 04/04/2018 प्रभात प्रकाशन PP/BL-5305/05.03.18/832/20.02.18/05.03.18 300.00 921 शास्त्रीसु B-690204 1 300.00 Hindi Books
    Not For Loan Non-fiction D.B.Act.Division D.B.Act.Division 17/07/2014 DBAD/PUB 200.00 921 लालब HN-75232 1 200.00 Hindi Books
      Non-fiction Sarojini Nagar Sarojini Nagar 04/04/2018 प्रभात प्रकाशन PP/BL-5305/05.03.18/832/20.02.18/05.03.18 300.00 921 शास्त्रीसु B-690205 1 300.00 Hindi Books

© Delhi Public Library
Hit Counter
free hit counter